000
00240nam a2200097Ia 4500
001
651467
005
20250826154419.0
008
250824s9999 xx 000 0 und d
245
0
_a
MARTI İMDAT! ABİM BİR ZOMBİ! CİLTLİ
260
_b
MARTI
999
_c
651467
_d
651467